000 00293nam a2200121 a 4500
008 101209s1971|||| d
100 1 _aLassus, Jean
245 1 0 _aRanokresťanské a byzantské umenie
260 _bPallas
_aBratislava
_c1971
020 _c95
041 _aslo
044 _axo
_cSK
999 _c15030
_d15030